logo

Bir Sreshtho Munshi Abdur Rouf Library
Jhenaidah Cadet College

Archaeology / (Record no. 9833)

MARC details
000 -LEADER
fixed length control field 00750nam a2200277 i 4500
001 - CONTROL NUMBER
JCCL Control Number 9833
003 - CONTROL NUMBER IDENTIFIER
JCCL marc code BD-JhCC
005 - DATE AND TIME OF LATEST TRANSACTION
control field 20180402081955.0
008 - FIXED-LENGTH DATA ELEMENTS--GENERAL INFORMATION
fixed length control field 180402s1973 enkabc j b 001 0 eng
020 ## - INTERNATIONAL STANDARD BOOK NUMBER
International Standard Book Number 0356043452 :
Terms of availability £1.00
035 ## - SYSTEM CONTROL NUMBER
system control number (BD-JhCC)9833
040 ## - CATALOGING SOURCE
Original cataloging agency DLC
Transcribing agency DLC
Modifying agency DLC
-- BD-JhCC
041 ## - LANGUAGE CODE
Language code of Book eng
050 00 - LIBRARY OF CONGRESS CALL NUMBER
Classification number CC80
Item number .G6
082 00 - DEWEY DECIMAL CLASSIFICATION NUMBER
Classification number 930/.1
Author mark and Year GOF 1973
100 1# - MAIN ENTRY--PERSONAL NAME
Personal name Goff, Clare.
245 10 - TITLE STATEMENT
Title Archaeology /
Statement of responsibility, etc [by] Clare Goff.
260 ## - PUBLICATION, DISTRIBUTION, ETC. (IMPRINT)
Place of publication, distribution, etc London :
Name of publisher, distributor, etc Macdonald and Co.,
Date of publication, distribution, etc 1973.
300 ## - PHYSICAL DESCRIPTION
Pagination 48 p. :
Other physical details ill. (some col.), col. map, ports. ;
Dimensions 29 cm.
490 0# - SERIES STATEMENT
Series statement Visual books
500 ## - GENERAL NOTE
General note Includes index.
504 ## - BIBLIOGRAPHY, ETC. NOTE
Bibliography, etc Bibliography: p. 46.
650 #0 - SUBJECT ADDED ENTRY--TOPICAL TERM
Topical term or geographic name as entry element Archaeology
General subdivision Juvenile literature.
942 ## - ADDED ENTRY ELEMENTS (KOHA)
Source of classification or shelving scheme Dewey Decimal Classification
Koha item type Books
Holdings
Source of classification or shelving scheme Damaged status Not for loan Home library Current library Shelving location Date of accession Total Checkouts Full call number Barcode Date last seen Copy number Koha item type
Dewey Decimal Classification     JCC Rouf Library JCC Rouf Library General Stacks 04/02/2018   930/.1 GOF 1973 13355 04/02/2018 C-1 Books

JCC Library | Contacts | JCC Home

Last Update on 23 September 2017
Copyright @ 2017-2020 JCC Rouf Library
Rouf Library, Jhenidah Cadet College (JCC), Bangladesh